Statystyki dla Powiaty województwa lubelskiego z mapą

Kliknij tutaj aby rozwiązać quiz!

Ogólne statystyki

  • Ten quiz został rozwiązany 16 292 razy
  • Średni wynik to 14 z 24

Odpowiedzi na mapie

Odpowiedzi skodowane kolorowo w zielono-czerwonej skali na mapie do tego quizu, zgodnie z poniższymi procentami.
 

Statystyki odpowiedzi

Powiat% Poprawnych
miasto {Lublin}
95%
lubelski
89%
miasto {Zamość}
84%
miasto {Chełm}
83%
zamojski
83%
chełmski
77%
miasto {Biała Podlaska}
76%
puławski
63%
hrubieszowski
59%
bialski
57%
biłgorajski
56%
świdnicki
52%
lubartowski
51%
kraśnicki
50%
tomaszowski
50%
janowski
48%
włodawski
47%
łukowski
46%
rycki
45%
opolski
44%
radzyński
43%
łęczyński
42%
krasnostawski
41%
parczewski
40%

Rozkład punktacji

Percentyl według liczby udzielonych odpowiedzi

Procent ludzi z każdym wynikiem

Twoja historia wyników

Nie rozwiązałeś tego quizu